000 00630cam a22002293a 4500
001 13374
003 PGUSA
005 20140828083304.0
008 040905s2004||||xxu|||||s|||||000 1 eng d
040 _aPGUSA
_beng
042 _adc
050 4 _aPQ
100 1 _aSand, George,
_d1804-1876
245 1 0 _aConsuelo, Tome 3 (1861)
_h[electronic resource] /
_cGeorge Sand
260 _bProject Gutenberg,
_c2004
506 _aPublic domain in the USA.
516 _aElectronic text
653 _aVenice (Italy) -- Fiction
830 0 _aProject Gutenberg
_v13374
856 4 0 _uhttp://www.gutenberg.org/ebooks/13374
942 _cEB
999 _c242629
_d242629